| 000 | 00623nam a22001817a 4500 | ||
|---|---|---|---|
| 999 |
_c10446 _d10446 |
||
| 008 | 180829b ||||| |||| 00| 0 eng d | ||
| 020 | _a9781259253522 | ||
| 082 |
_22017 _aDC 658.5 _bJ151 |
||
| 100 |
_930656 _aJacobs, F. Robert |
||
| 245 |
_aOperations and supply chain management: _bthe core/ _cF. Robert Jacobs and Richard B. Chase |
||
| 250 | _a4th edition | ||
| 260 |
_aNew York: _bMc Graw-Hill Education, _cc2017. |
||
| 300 |
_avi, 520 pages: _billustrations; _c26 cm. |
||
| 500 | _aIncludes appendices and index. | ||
| 650 | 0 |
_930657 _aProduction management. |
|
| 700 |
_930658 _aChase, Richard B. |
||
| 942 |
_2ddc _cDC |
||